| 000 | 00392nam a22001577a 4500 | ||
|---|---|---|---|
| 005 | 20251108170624.0 | ||
| 008 | 250721s1977 xx 000 0 eng d | ||
| 082 | 1 | 4 | _aF/Roy |
| 100 | 1 | _aRoy, Thomas Albert | |
| 245 | 1 | 4 | _aThe curse of the Turtle / |
| 264 | 1 |
_aLondon : _bThe Bodley head, _c1977. |
|
| 300 | _a198p : ill | ||
| 650 | 1 | 7 | _aEnglish Fiction |
| 942 |
_2ddc _cBK |
||
| 999 |
_c45017 _d45017 |
||